01003cam a22002655a 450000500170000000800410001701000140005802000270007203500130009903700130011204000130012508200130013810000260015124500830017726000510026027000580031130000240036952000260039365000440041965000430046365000400050694200270054699900170057395201470059020091103014612.0090911s2009 ii ab b 100 0 eng d aENG-95331 a9788131305829c2495.00 aEN-78864 aDBAD/PUB aDPLbeng a363.7003 aTripathy, Debi Prasad aDictionary on environmental science and engineering /cby Debi Prasad Tripathy aNew Delhi :bAPH Publishing Corporationc2009. a4435-36/7. Ansari road, Darya GanjbNew Delhie110002 a 424p.c25 cm. (Hb) aContributed articles. aEnvironmental engineeringvDictionaries aEnvironmental protectionvDictionaries aEnvironmental sciencevDictionaries 2ddccENmTRIh363.7003 c31380d31380 00102ddc40718NFICaDBADbDBADd2009-11-05eDBAD / PUBg2495.00l0o363.7003 TRIpEN-78864r2009-11-05 00:00:00t1v2495.00w2009-11-05yEN